000 00584nam a22001937a 4500
003 OSt
005 20160816132923.0
008 160816b xxu||||| |||| 00| 0 eng d
020 _a9780123859204
040 _cDDC.
082 _a003.9Ell 2012;
100 _aEllis, George;
_910688
245 _aControl System Design Guide:
_bUsing Your Computer to Understand and Diagnose Feedback Controllers.
260 _aAmsterdam;
_bElsevier,
_c2012.
300 _axxi,498p;
_bill;
_c24cm.
504 _aIncludes References and Index.
650 _aSystem Control.
_99603
942 _2ddc
_cO_SHELF
999 _c4993
_d4993